[Event "Santo Tirso IM"]
[Site "Santo Tirso"]
[Date "2020.08.13"]
[Round "1"]
[White "Domingo Nunez, Alejandro"]
[Black "Vidarte Morales, Arturo"]
[Result "1-0"]
[WhiteElo "2385"]
[BlackElo "2332"]
[PlyCount "87"]
[EventDate "2020.08.13"]
[EventType "tourn"]
[EventRounds "9"]
[EventCountry "POR"]
[EventCategory "4"]
[SourceTitle "CBM 197 Extra"]
[Source "ChessBase"]
[SourceDate "2020.09.30"]
[SourceVersion "1"]
[SourceVersionDate "2020.09.30"]
[SourceQuality "1"]

1. e4 e6 2. d4 d5 3. Nc3 Bb4 4. exd5 exd5 5. Bd3 Nc6 6. Nge2 Nge7 7. a3 Bxc3+ 8. bxc3 Bf5 9. Ng3 Bg6 10. 0-0 Qd7 11. Qf3 0-0-0 12. a4 f6 13. Ba3 Bxd3 14. cxd3 Ng6 15. Rfb1 Nh4 16. Qd1 g5 17. Qb3 b6 18. Qb5 Nb8 19. Re1 Ng6 20. Qxd7+ Nxd7 21. Nf5 Kb7 22. g3 Rde8 23. Ne3 Kc6 24. Rab1 a6 25. f3 h5 26. c4 dxc4 27. dxc4 h4 28. a5 hxg3 29. hxg3 Rh3 30. Kg2 Reh8 31. Nf1 g4 32. Re6+ Kb7 33. c5 gxf3+ 34. Kf2 Nde5 35. dxe5 Nxe5 36. cxb6 Rh2+ 37. Nxh2 Rxh2+ 38. Ke3 Nc4+ 39. Kd3 Nxa3 40. Rc1 Rh7 41. bxc7 Rd7+ 42. Ke3 Rxc7 43. Rxc7+ Kxc7 44. Rxa6 1-0

[Event "Nonalaya Ricardo Online op"]
[Site "Chess.com INT"]
[Date "2020.07.19"]
[Round "4"]
[White "Cori Tello, Deysi Estella"]
[Black "Vidarte Morales, Arturo"]
[Result "1/2-1/2"]
[WhiteElo "2388"]
[BlackElo "2332"]
[PlyCount "105"]
[EventDate "2020.07.19"]
[EventType "swiss (blitz)"]
[EventRounds "9"]
[EventCountry "PER"]
[SourceTitle "CBM 197 Extra"]
[Source "ChessBase"]
[SourceDate "2020.09.30"]
[SourceVersion "1"]
[SourceVersionDate "2020.09.30"]
[SourceQuality "1"]

1. Nf3 Nf6 2. g3 g6 3. Bg2 Bg7 4. 0-0 0-0 5. d4 d5 6. Ne5 c6 7. b3 Ng4 8. Nxg4 Bxg4 9. Bb2 Nd7 10. f3 Be6 11. Kh1 Nf6 12. Nd2 Qd7 13. e4 Bh3 14. Qe2 Bxg2+ 15. Kxg2 Rad8 16. Rad1 Ne8 17. c4 Nc7 18. h4 e6 19. h5 f5 20. hxg6 hxg6 21. Qe3 fxe4 22. fxe4 Rxf1 23. Rxf1 Rf8 24. Nf3 c5 25. Ne5 Bxe5 26. Rxf8+ Kxf8 27. dxe5 d4 28. Qh6+ Qg7 29. Qg5 Ke8 30. b4 b6 31. bxc5 bxc5 32. Ba3 Na6 33. Kf3 Qf7+ 34. Ke2 Kd7 35. Qf6 Qh7 36. Kd3 Qh5 37. Qf7+ Kd8 38. Qf8+ Kd7 39. Qd6+ Ke8 40. Qxe6+ Kd8 41. Qg8+ Kc7 42. Qf7+ Kb6 43. Qf1 Qxe5 44. Qf4 Qh5 45. Qf6+ Kb7 46. Qf7+ Nc7 47. Qf1 Qg4 48. Bxc5 Qxg3+ 49. Kxd4 Ne6+ 50. Kd5 Nc7+ 51. Kd4 Ne6+ 52. Kd5 Nc7+ 53. Kd4 1/2-1/2

[Event "Nonalaya Ricardo Online op"]
[Site "Chess.com INT"]
[Date "2020.07.19"]
[Round "8"]
[White "Vidarte Morales, Arturo"]
[Black "Chumpitaz Carbajal, Ann"]
[Result "0-1"]
[WhiteElo "2332"]
[BlackElo "2244"]
[PlyCount "100"]
[EventDate "2020.07.19"]
[EventType "swiss (blitz)"]
[EventRounds "9"]
[EventCountry "PER"]
[SourceTitle "CBM 197 Extra"]
[Source "ChessBase"]
[SourceDate "2020.09.30"]
[SourceVersion "1"]
[SourceVersionDate "2020.09.30"]
[SourceQuality "1"]

1. c4 e5 2. g3 Nf6 3. Nc3 d5 4. cxd5 Nxd5 5. Nf3 Nc6 6. Bg2 Be6 7. 0-0 Be7 8. d4 exd4 9. Nxd4 Nxd4 10. Qxd4 Nxc3 11. Qxc3 Bf6 12. Qb4 Qe7 13. Qxb7 0-0 14. Bf4 Rab8 15. Qxa7 Rxb2 16. Rac1 Rxa2 17. Qxc7 Qxc7 18. Rxc7 Rxe2 19. Be3 h6 20. h4 Rb8 21. Bf3 Ra2 22. Rd1 Ra3 23. Rdc1 Be5 24. R7c2 Bxg3 25. fxg3 Rxe3 26. Rc3 Rxc3 27. Rxc3 g6 28. Kf2 Kg7 29. Rc2 Rb3 30. Rd2 Ra3 31. Rc2 Kf6 32. Rd2 Ke5 33. Re2+ Kd4 34. Rd2+ Kc3 35. Re2 Ra1 36. Re3+ Kd4 37. Re4+ Kc5 38. Re5+ Kd6 39. Re2 Ra3 40. Rd2+ Ke7 41. Re2 Kf6 42. Rd2 Bf5 43. Re2 Rd3 44. Rb2 Rd6 45. Ra2 Be6 46. Rb2 g5 47. hxg5+ hxg5 48. Rc2 g4 49. Bg2 Kg5 50. Rd2 Rxd2+ 0-1

[Event "Barcelona Sant Marti op 9th"]
[Site "Barcelona"]
[Date "2020.03.05"]
[Round "8"]
[White "Prats Rodriguez, Juan Bosco"]
[Black "Vidarte Morales, Arturo"]
[Result "0-1"]
[WhiteElo "1955"]
[BlackElo "2320"]
[PlyCount "124"]
[EventDate "2020.01.16"]
[EventType "swiss"]
[EventRounds "9"]
[EventCountry "ESP"]
[SourceTitle "CBM 195 Extra"]
[Source "ChessBase"]
[SourceDate "2020.05.31"]
[SourceVersion "1"]
[SourceVersionDate "2020.05.31"]
[SourceQuality "1"]

1. e4 c5 2. Nc3 g6 3. g3 Bg7 4. Bg2 Nc6 5. d3 d6 6. Be3 Nh6 7. h3 f5 8. Qd2 Nf7 9. Nge2 Nd4 10. h4 Nxe2 11. Qxe2 Ne5 12. h5 Qa5 13. hxg6 hxg6 14. Rxh8+ Bxh8 15. 0-0-0 Nc6 16. Qd2 Be6 17. a3 Kd7 18. exf5 gxf5 19. Nd5 Qxd2+ 20. Bxd2 Bd4 21. Ne3 Rh8 22. Rh1 Rxh1+ 23. Bxh1 b6 24. Bg2 Ne5 25. Bh3 Ng4 26. Bxg4 fxg4 27. c3 Bg7 28. Kd1 d5 29. Ke2 d4 30. cxd4 cxd4 31. Nf1 Bf5 32. Nh2 e5 33. f3 gxf3+ 34. Nxf3 Ke6 35. Nh2 Kd5 36. g4 Bg6 37. Bc1 e4 38. dxe4+ Kxe4 39. Nf3 d3+ 40. Kf2 a5 41. Nh4 Bd4+ 42. Ke1 Be8 43. Nf5 Be5 44. Be3 Bd7 45. Bxb6 a4 46. Kd2 Bxb2 47. Bc5 Be6 48. Nd6+ Kd5 49. Bb4 Be5 50. Nb5 Bd7 51. Nc3+ Kc4 52. Ne4 Bf4+ 53. Ke1 Bxg4 54. Nd2+ Kd4 55. Kf2 Bc7 56. Be7 Kc3 57. Bb4+ Kc2 58. Ke3 Bb6+ 59. Ke4 Bc8 60. Kd5 Be3 61. Nc4 Bb7+ 62. Ke5 Bh6 0-1

[Event "Barcelona Sant Marti op 9th"]
[Site "Barcelona"]
[Date "2020.02.27"]
[Round "7"]
[White "Vidarte Morales, Arturo"]
[Black "Perez Mitjans, Orelvis"]
[Result "1/2-1/2"]
[WhiteElo "2320"]
[BlackElo "2421"]
[PlyCount "103"]
[EventDate "2020.01.16"]
[EventType "swiss"]
[EventRounds "9"]
[EventCountry "ESP"]
[SourceTitle "CBM 195 Extra"]
[Source "ChessBase"]
[SourceDate "2020.05.31"]
[SourceVersion "1"]
[SourceVersionDate "2020.05.31"]
[SourceQuality "1"]

1. c4 Nf6 2. Nc3 g6 3. e4 d6 4. d4 Bg7 5. f3 0-0 6. Nge2 c5 7. Be3 cxd4 8. Nxd4 Nc6 9. Qd2 Nxd4 10. Bxd4 Be6 11. Be2 a5 12. 0-0 a4 13. Rab1 Nd7 14. Bxg7 Kxg7 15. f4 f6 16. Kh1 Qa5 17. b4 axb3 18. axb3 Qb4 19. Qe3 Ra3 20. h4 Nc5 21. h5 Rxb3 22. Rxb3 Qxb3 23. Rb1 Qa3 24. e5 dxe5 25. fxe5 f5 26. Qg5 Qxc3 27. Qxe7+ Bf7 28. Qxc5 Qc2 29. Re1 Qd2 30. Qg1 Qf4 31. Rd1 Qxe5 32. Qd4 Re8 33. Bf3 Qxd4 34. Rxd4 Re7 35. hxg6 hxg6 36. g4 fxg4 37. Rxg4 Rc7 38. Rd4 Bxc4 39. Bxb7 Kf6 40. Bf3 Be6 41. Kg2 Rc2+ 42. Kg3 Rc3 43. Kf2 Bf5 44. Rb4 Rc5 45. Kg3 Rc2 46. Ra4 Rc3 47. Kf2 Be6 48. Rf4+ Ke5 49. Re4+ Kf5 50. Re3 Rc4 51. Be2 Rb4 52. Bd3+ 1/2-1/2